New developments in phosphate fertilizer technology (Record no. 25490)

MARC details
000 -LEADER
fixed length control field 00338nam a2200121Ia 4500
082 ## - DEWEY DECIMAL CLASSIFICATION NUMBER
Classification number 631.85:62
Item number CAR;1
245 #0 - TITLE STATEMENT
Title New developments in phosphate fertilizer technology
260 ## - PUBLICATION, DISTRIBUTION, ETC. (IMPRINT)
Place of publication New York
Name of publisher Elsevier
Year of publication 1977
650 ## - SUBJECT ADDED ENTRY--TOPICAL TERM
Topical Term Phosphate fertilizers
700 ## - ADDED ENTRY--PERSONAL NAME
Personal name CARPENTER, L J
942 ## - ADDED ENTRY ELEMENTS (KOHA)
Koha item type Books
Holdings
Withdrawn status Lost status Damaged status Not for loan Home library Current library Date acquired Full call number Accession Number Koha item type
        RRII Library RRII Library 16/12/2021 631.85:62 CAR;1 06147 Books